000 00552nam a2200217Ia 4500
003 OSt
005 20221005124804.0
006 a|||||r|||| 00| 0
007 ta
008 221004b |||||||| |||| 00| 0 eng d
024 _a105679
037 _cTextual
040 _aCRL
_cCRL
_beng
041 _2eng
_aeng
082 _aC9B3:58, K5
100 _aPurohit S.N.
_9635787
245 0 _aNeutron scattering and thermalization lectures
260 _c1965
942 _hC9B3:58, K5
_cTEXL
_2cc
999 _c1051600
_d1051600